| 000 | 01027nam a2200253 a 4500 | ||
|---|---|---|---|
| 001 | 000002218 | ||
| 005 | 20200929150155.0 | ||
| 008 | 090701s1998 dr 000 0 spa d | ||
| 040 |
_aDO-SdBNP _bspa _cBNPHU |
||
| 082 |
_a303.483 _bS257p |
||
| 100 | 1 |
_aSaunders, John _97085 |
|
| 245 | 1 | 0 |
_aPolítica de ciencia y tecnología para el desarrollo / _cJohn Saunders. |
| 260 |
_aSanto Domingo : _bDupligraf, _c1998. |
||
| 300 |
_a56 p. ; _c21 cm. |
||
| 490 | 1 |
_aConversatorios de la reforma ; _v6 |
|
| 500 | _aConversatorio realizado el 20 de mayo de 1998. | ||
| 590 | _aInventariado, 2018/BT | ||
| 650 | 4 |
_aCiencia y tecnología _xEnsayos, conferencias, etc. _97086 |
|
| 650 | 4 |
_aInvestigación y desarrollo _97087 |
|
| 650 | 4 |
_aReformas constitucionales _zRepública Dominicana _xEnsayos, conferencias, etc. _97088 |
|
| 710 | 1 | 2 |
_aRepública Dominicana. _bComisión Presidencial para la Reforma y Modernización del Estado. _97089 |
| 830 | 0 |
_aConversatorios de la reforma ; _n6 _97090 |
|
| 910 | _aValidado. Control de calidad. EMS | ||
| 999 |
_c2066 _d2066 |
||